[Event "Reykjavik Open 2024"]
[Site "Reykjavik ISL"]
[Date "2024.03.21"]
[Round "9.59"]
[White "Pujari, Rucha"]
[Black "Rathbone-Jones, Ifan"]
[Result "1/2-1/2"]
[WhiteTitle "WIM"]
[WhiteElo "2147"]
[BlackElo "1966"]
[WhiteFideId "5024528"]
[BlackFideId "1803859"]
[EventDate "2024.03.15"]

1. d4 d5 2. c4 e6 3. Nf3 a6 4. cxd5 exd5 5. Nc3 Nf6 6. Bg5 Be7 7. e3 O-O 8. Bd3
Be6 9. O-O Nbd7 10. Rc1 c5 11. Bb1 Rc8 12. Ne5 cxd4 13. exd4 Nxe5 14. dxe5 Ng4
15. Bxe7 Qxe7 16. h3 Nxe5 17. Bxh7+ Kxh7 18. Qh5+ Kg8 19. Qxe5 Qc7 20. Qe3 Qc5
21. Rfd1 Qxe3 22. fxe3 Rc4 23. Rd2 b5 24. Rcd1 Rd8 25. Kf2 Kf8 26. Ke2 Rc7 27.
Nxd5 Rcd7 28. e4 f5 29. b3 fxe4 30. Nc7 Rxd2+ 31. Rxd2 Rxd2+ 32. Kxd2 Bc8 33.
Ke3 Ke7 34. Kxe4 1/2-1/2

[Event "Reykjavik Open 2024"]
[Site "Reykjavik ISL"]
[Date "2024.03.21"]
[Round "9.60"]
[White "Mueller, Magnus"]
[Black "Thorsteinsdottir, Hallgerdur"]
[Result "1-0"]
[BlackTitle "WFM"]
[WhiteElo "2144"]
[BlackElo "1953"]
[WhiteFideId "16230060"]
[BlackFideId "2302454"]
[EventDate "2024.03.15"]

1. e4 d5 2. exd5 Qxd5 3. Nc3 Qd8 4. d4 Nf6 5. Nf3 Bg4 6. h3 Bxf3 7. Qxf3 c6 8.
Qd3 e6 9. g4 Qc7 10. Bg2 Bd6 11. O-O Bf4 12. Bxf4 Qxf4 13. Ne2 Qc7 14. c4 Nbd7
15. f4 O-O 16. Ng3 Rad8 17. Rad1 e5 18. g5 exf4 19. gxf6 fxg3 20. fxg7 Kxg7 21.
Rf5 Rg8 22. Rdf1 Nf8 23. d5 Qb6+ 24. Kh1 Qxb2 25. Rxf7+ Kh8 26. Rb1 Qe5 27.
Rbxb7 Rg6 28. Rbe7 Qa1+ 29. Rf1 Qb2 30. Rxa7 Ne6 31. Re7 Ng5 32. Qxg3 Ne4 33.
Rxh7+ Kxh7 34. Bxe4 Rg8 35. Bxg6+ 1-0

[Event "Reykjavik Open 2024"]
[Site "Reykjavik ISL"]
[Date "2024.03.21"]
[Round "9.61"]
[White "MacArthur, John"]
[Black "Gramb, Marius"]
[Result "1/2-1/2"]
[WhiteElo "1962"]
[BlackElo "2142"]
[WhiteFideId "2005352"]
[BlackFideId "24656593"]
[EventDate "2024.03.15"]

1. e4 c6 2. d4 d5 3. exd5 cxd5 4. c4 Nf6 5. Nc3 Nc6 6. Nf3 g6 7. Bg5 Be6 8. Bxf6
exf6 9. c5 Bg7 10. Bb5 O-O 11. O-O Bg4 12. Bxc6 bxc6 13. h3 Bxf3 14. Qxf3 f5 15.
Rfd1 Rb8 16. Rd2 Bh6 17. Re2 Rb4 18. Rd1 Qf6 19. Qd3 Rfb8 20. b3 Bg7 21. Red2
Qe7 22. Qa6 Qc7 23. Kf1 h5 24. Ne2 Re8 25. Qd3 Qa5 26. Qc3 Qb5 27. Qd3 Qb8 28.
Qa6 Re6 29. Rd3 Bh6 30. Ng1 Rb7 31. Nf3 Rbe7 32. a3 Qb7 33. Qxb7 Rxb7 34. b4 Bg7
35. Re1 Re4 36. Ng5 Rxe1+ 37. Kxe1 Kf8 38. Nf3 Ke8 39. Kd2 Kd8 40. Kc3 Bf6 41.
Re3 Kd7 42. Rd3 Rb8 1/2-1/2

[Event "Reykjavik Open 2024"]
[Site "Reykjavik ISL"]
[Date "2024.03.21"]
[Round "9.63"]
[White "George Samir, David"]
[Black "Cansdale, Zach"]
[Result "1-0"]
[WhiteTitle "FM"]
[WhiteElo "2130"]
[BlackElo "1951"]
[WhiteFideId "10657789"]
[BlackFideId "343409024"]
[EventDate "2024.03.15"]

1. e4 c6 2. Nc3 d5 3. Nf3 dxe4 4. Nxe4 Nf6 5. Nxf6+ exf6 6. Bc4 Bd6 7. O-O O-O
8. d4 Bg4 9. h3 Bh5 10. Re1 Nd7 11. g4 Bg6 12. Nh4 f5 13. Nxf5 Bxf5 14. gxf5 Qa5
15. Bd3 Rfe8 16. Be3 Nf6 17. c4 Rad8 18. Qf3 Bb8 19. Kg2 Qc7 20. Rg1 Re7 21. Kf1
Kh8 22. Rg2 Rde8 23. Rd1 b5 24. b3 Qa5 25. Qxc6 Bf4 26. Rxg7 Kxg7 27. Bxf4 Re1+
28. Rxe1 Qxe1+ 29. Kg2 Rg8 30. Bg5 Nh5 31. Qh6+ Kh8 32. Qxh5 f6 33. h4 fxg5 34.
hxg5 Qd2 35. g6 h6 36. f6 Qf4 37. g7+ Rxg7+ 38. fxg7+ Kxg7 39. Qg6+ Kf8 1-0

[Event "Reykjavik Open 2024"]
[Site "Reykjavik ISL"]
[Date "2024.03.21"]
[Round "9.64"]
[White "Muller, Maxime"]
[Black "Strathmann, Sacha"]
[Result "0-1"]
[WhiteElo "1961"]
[BlackElo "2129"]
[WhiteFideId "26088533"]
[BlackFideId "4693825"]
[EventDate "2024.03.15"]

1. d4 Nf6 2. c4 e6 3. g3 d5 4. Nf3 Be7 5. Bg2 O-O 6. O-O dxc4 7. Qc2 a6 8. a4
Bd7 9. Qxc4 Bc6 10. Bg5 Nbd7 11. Nc3 Rc8 12. Rfe1 Ne4 13. Bxe7 Qxe7 14. Qd3 f5
15. d5 Ndc5 16. Qc4 b5 17. axb5 axb5 18. Qb4 Bxd5 19. Nxd5 exd5 20. Nd4 Qf6 21.
f3 Nd3 22. exd3 c5 23. Ra6 Qxa6 24. Qxb5 Qf6 25. Nxf5 Qxf5 26. dxe4 Qe5 27. Qb7
Rfd8 28. f4 Qd4+ 29. Kh1 dxe4 30. Qxe4 Qxb2 31. Qe6+ Kh8 32. Be4 Re8 33. Qh3 g6
34. Rb1 Qa2 35. Rb6 Rcd8 36. Bxg6 Rd2 0-1

[Event "Reykjavik Open 2024"]
[Site "Reykjavik ISL"]
[Date "2024.03.21"]
[Round "9.65"]
[White "Doran, Chris"]
[Black "Briem, Benedikt"]
[Result "0-1"]
[WhiteElo "1947"]
[BlackElo "2102"]
[WhiteFideId "503835"]
[BlackFideId "2315432"]
[EventDate "2024.03.15"]

1. e4 e5 2. Nf3 Nc6 3. Bb5 Nf6 4. O-O Nxe4 5. d4 Nd6 6. Bxc6 dxc6 7. dxe5 Nf5 8.
Qxd8+ Kxd8 9. Nc3 Ke8 10. Bf4 Be7 11. h3 h5 12. Ne4 Be6 13. Rfe1 Rd8 14. Nfg5
Rh6 15. Nxe6 Rxe6 16. c3 a5 17. a4 b6 18. g3 c5 19. Kg2 Rd5 20. h4 Bd8 21. Rad1
c6 22. Ng5 Bxg5 23. Bxg5 Kd7 24. f3 g6 25. g4 Ng7 26. Kg3 Re8 27. Bf4 Ne6 28.
Bg5 Nxg5 29. hxg5 hxg4 30. Kxg4 Rxe5 31. Rxe5 Rxd1 32. f4 Rd2 33. f5 Rd5 34. Kf4
Kd6 35. Re4 Rxf5+ 36. Kg4 Rd5 37. b4 cxb4 38. cxb4 axb4 0-1

[Event "Reykjavik Open 2024"]
[Site "Reykjavik ISL"]
[Date "2024.03.21"]
[Round "9.66"]
[White "Reimer, Philip"]
[Black "Schmidt, Florian Pascal"]
[Result "1/2-1/2"]
[WhiteElo "2095"]
[BlackElo "1947"]
[WhiteFideId "16235860"]
[BlackFideId "16256840"]
[EventDate "2024.03.15"]

1. e4 c6 2. d4 d5 3. e5 Bf5 4. Nf3 e6 5. Be2 Ne7 6. O-O Nd7 7. Nbd2 h6 8. Nb3 g5
9. a4 Bg7 10. a5 Qc7 11. Bd2 f6 12. exf6 Bxf6 13. Ne1 O-O-O 14. f4 gxf4 15. Bxf4
e5 16. Bxe5 Bxe5 17. dxe5 Nxe5 18. Nd4 Bd7 19. a6 b6 20. b4 Rhg8 21. Ndf3 Ng4
22. Qd2 Nf5 23. Ra3 Rde8 24. h3 Ng3 25. Bd3 Nxf1 26. Bxf1 Nf6 27. Qxh6 Ne4 28.
Nd3 Qg3 29. Nd4 Rg6 30. Qf4 Rf6 31. Qxg3 Nxg3 32. Nf2 Ne4 33. Rf3 Rxf3 34. Nxf3
Ng3 35. Bd3 Bf5 36. Bxf5+ Nxf5 37. g4 Nd6 38. Nd3 Re2 39. Nd4 Rd2 40. Nxc6 Rxc2
41. Ne7+ Kd7 42. Nxd5 Ne4 43. h4 Ke6 44. N5f4+ 1/2-1/2

[Event "Reykjavik Open 2024"]
[Site "Reykjavik ISL"]
[Date "2024.03.21"]
[Round "9.67"]
[White "Harish, Neeraj"]
[Black "Honey, Luke Anthony"]
[Result "1-0"]
[WhiteTitle "CM"]
[WhiteElo "2090"]
[BlackElo "1939"]
[WhiteFideId "30958130"]
[BlackFideId "343403425"]
[EventDate "2024.03.15"]

1. e4 c6 2. d4 d5 3. e5 c5 4. dxc5 Nc6 5. f4 Nh6 6. c3 e6 7. Be3 g5 8. Nf3 Nf5
9. Bf2 gxf4 10. Qd2 Bh6 11. Na3 a6 12. Nc2 Qc7 13. O-O-O Nxe5 14. c4 Nxf3 15.
gxf3 dxc4 16. Bh3 Ne3 17. Nxe3 fxe3 18. Bxe3 Bxe3 19. Qxe3 Qe7 20. Qe5 Rf8 21.
Rd6 Bd7 22. c6 bxc6 23. Rhd1 O-O-O 24. Qc5 Rfe8 25. Bf1 e5 26. Bxc4 Qg5+ 27. Kb1
Bf5+ 28. Ka1 Rxd6 29. Bxa6+ 1-0

[Event "Reykjavik Open 2024"]
[Site "Reykjavik ISL"]
[Date "2024.03.21"]
[Round "9.68"]
[White "Sivanandan, Bodhana"]
[Black "Spencer, Aaron"]
[Result "1-0"]
[WhiteTitle "WCM"]
[WhiteElo "2088"]
[BlackElo "1899"]
[WhiteFideId "497592"]
[BlackFideId "2061368"]
[EventDate "2024.03.15"]

1. e4 e5 2. Nf3 Nc6 3. Nc3 Nf6 4. d4 exd4 5. Nxd4 Nxe4 6. Nxe4 Qe7 7. f3 d5 8.
Bb5 Bd7 9. Bxc6 bxc6 10. O-O dxe4 11. Re1 Qf6 12. Rxe4+ Be7 13. Bf4 O-O 14. Bxc7
c5 15. Nb3 Bf5 16. Re2 c4 17. Be5 Qg6 18. Nd4 Bc5 19. Bg3 Rad8 20. Bf2 Bh3 21.
g3 Qf6 22. Rd2 Rd5 23. c3 Re8 24. Re2 Red8 25. Qa4 Bd7 26. Qxc4 Bh3 27. Rae1 h5
28. Re8+ Bf8 29. Rxd8 Rxd8 30. Qe2 Bd6 31. Nc6 Rc8 32. Bd4 Qf5 33. Nxa7 Rc7 34.
Qe8+ Bf8 35. Nb5 Rd7 36. a4 Qc2 37. Qe2 Qxa4 38. Be3 Re7 39. Nd4 Re8 40. Qd2 Bc5
41. Nc2 Bd6 42. Bf2 Rd8 43. Nd4 Qa8 44. Qg5 g6 45. Nc6 Re8 46. Rxe8+ Qxe8 47.
Qd8 Qxd8 48. Nxd8 Bd7 49. Nb7 Be7 50. Bc5 Bf6 51. Kf2 h4 52. Nd6 Bc6 53. Ne4 Bd8
54. c4 f5 55. Nd6 Kg7 56. b4 Ba4 57. b5 hxg3+ 58. hxg3 Bb3 59. b6 Kf6 60. b7 Bc7
61. Ne8+ 1-0

[Event "Reykjavik Open 2024"]
[Site "Reykjavik ISL"]
[Date "2024.03.21"]
[Round "9.69"]
[White "Barthel, Ansgar"]
[Black "Sanitt, Ethan"]
[Result "1-0"]
[WhiteElo "2073"]
[BlackElo "1914"]
[WhiteFideId "4643461"]
[BlackFideId "427462"]
[EventDate "2024.03.15"]

1. b3 e5 2. Bb2 d6 3. e3 f5 4. d4 e4 5. c4 Nf6 6. Nc3 Be6 7. Nge2 Bf7 8. Ng3 g6
9. f3 exf3 10. Qxf3 Nc6 11. O-O-O Bh6 12. Kb1 Qd7 13. e4 O-O-O 14. e5 Ng4 15. e6
Qxe6 16. d5 Qe3 17. dxc6 Qxf3 18. gxf3 Nf2 19. cxb7+ Kxb7 20. Bg2 f4 21. Nge4
Nxh1 22. Rxh1 Be6 23. Rd1 Rhf8 24. Bf1 Rf7 25. Nc5+ dxc5 26. Rxd8 Bf5+ 27. Kc1
Bd7 28. Ne4 Kc6 29. Nf6 Bf5 30. Rd1 g5 31. Bd3 Bh3 32. Bxh7 g4 33. Be4+ Kb6 34.
Nxg4 Bxg4 35. fxg4 f3+ 36. Kc2 f2 37. Bd3 Bg5 38. Bc1 Bh4 39. Be3 Rf3 40. Kd2
Rh3 41. Rh1 Bg3 42. b4 Bxh2 43. Bxc5+ Kc6 44. Bxf2 Kd7 45. Ke2 Rh8 46. Bf5+ Kd8
47. Kf3 1-0

[Event "Reykjavik Open 2024"]
[Site "Reykjavik ISL"]
[Date "2024.03.21"]
[Round "9.70"]
[White "Halldorsson, Bragi"]
[Black "Tripathi, Pratyush"]
[Result "1-0"]
[WhiteElo "2056"]
[BlackElo "1905"]
[WhiteFideId "2300907"]
[BlackFideId "1763121"]
[EventDate "2024.03.15"]

1. d4 d5 2. c4 e6 3. Nc3 Nf6 4. Bg5 Bb4 5. e3 h6 6. Bh4 g5 7. Bg3 Ne4 8. Qc2 h5
9. f3 Nxg3 10. hxg3 c6 11. Bd3 Nd7 12. cxd5 exd5 13. g4 Nf6 14. gxh5 Rxh5 15.
Rxh5 Nxh5 16. g4 Nf6 17. O-O-O Qe7 18. Re1 Be6 19. Nh3 Nd7 20. a3 Bxc3 21. Qxc3
O-O-O 22. e4 dxe4 23. Bxe4 Nb6 24. Qe3 Nc4 25. Qc3 Qf6 26. Rd1 Kb8 27. d5 Qxc3+
28. bxc3 cxd5 29. Nxg5 Kc7 30. Nxe6+ fxe6 31. Bd3 Nxa3 32. g5 Nc4 33. Rh1 Ne5
34. Rh7+ Kc6 35. Be2 Rf8 36. Re7 Nxf3 37. Rxe6+ Kd7 38. Re3 Nxg5 39. Re5 Re8 40.
Bb5+ Kd6 41. Rxe8 Ne6 42. Kc2 Nc7 43. Rd8+ Kc5 44. Be2 1-0

[Event "Reykjavik Open 2024"]
[Site "Reykjavik ISL"]
[Date "2024.03.21"]
[Round "9.71"]
[White "Demir, Hilmi Mustafa"]
[Black "Wehding, Anton Bonsvig"]
[Result "1/2-1/2"]
[WhiteElo "1842"]
[BlackElo "2056"]
[WhiteFideId "6303099"]
[BlackFideId "1463217"]
[EventDate "2024.03.15"]

1. e4 c6 2. d4 d5 3. Nc3 dxe4 4. Nxe4 Nf6 5. Nxf6+ exf6 6. c3 Bd6 7. Bd3 O-O 8.
Qc2 h5 9. Be3 Re8 10. Ne2 Nd7 11. O-O Nf8 12. Rad1 Qc7 13. h3 b5 14. d5 a6 15.
dxc6 Qxc6 16. Nd4 Qc7 17. Be4 Rb8 18. Bf3 Bb7 19. Rd2 Bxf3 20. Nxf3 Ne6 21. Qf5 1/2-1/2

[Event "Reykjavik Open 2024"]
[Site "Reykjavik ISL"]
[Date "2024.03.21"]
[Round "9.72"]
[White "Chilton, James I"]
[Black "Bottema, Martin"]
[Result "0-1"]
[WhiteElo "1823"]
[BlackElo "2053"]
[WhiteFideId "423009"]
[BlackFideId "1011006"]
[EventDate "2024.03.15"]

1. d4 Nf6 2. c4 e6 3. Nc3 Bb4 4. Bf4 O-O 5. e3 d5 6. Rc1 c5 7. a3 Bxc3+ 8. bxc3
cxd4 9. exd4 b6 10. Be2 Ba6 11. cxd5 exd5 12. Bxa6 Nxa6 13. Ne2 Nb8 14. O-O Nc6
15. c4 dxc4 16. Rxc4 Na5 17. Rc3 Re8 18. Bg5 Qd6 19. Bxf6 Qxf6 20. Qc2 Rad8 21.
Rc1 Qd6 22. a4 h6 23. h3 Rd7 24. Rc8 Re7 25. Ng3 g6 26. Qc3 Rxc8 27. Qxc8+ Kg7
28. Qc3 Kh7 29. Qc8 Qd7 30. Qc3 Re8 31. Qc7 Re7 32. Qxd7 Rxd7 33. d5 Kg7 34. Rd1
Kf6 35. f4 Nc4 36. Kf2 Nd6 37. Kf3 Rc7 38. Ne4+ Ke7 39. g4 Rc4 40. Re1 Nxe4 41.
Rxe4+ Rxe4 42. Kxe4 Kd6 43. h4 a6 44. h5 gxh5 45. gxh5 b5 46. axb5 axb5 47. Kf5
b4 48. Kf6 b3 49. Kxf7 b2 50. Kg6 b1=Q+ 51. Kxh6 Qf5 0-1

[Event "Reykjavik Open 2024"]
[Site "Reykjavik ISL"]
[Date "2024.03.21"]
[Round "9.73"]
[White "Petersen, Elias"]
[Black "Weigand, Anton"]
[Result "1/2-1/2"]
[WhiteElo "1808"]
[BlackElo "2036"]
[WhiteFideId "7202725"]
[BlackFideId "16221915"]
[EventDate "2024.03.15"]

1. c4 e5 2. Nc3 Bb4 3. g3 Nf6 4. Bg2 O-O 5. d3 c6 6. Nf3 Re8 7. O-O d6 8. Bd2
Nbd7 9. a3 Bxc3 10. Bxc3 Nf8 11. e4 Qb6 12. Re1 c5 13. Nd2 Ne6 14. Rf1 Nd4 15.
h3 g6 16. f4 Nh5 17. Kh2 Qd8 18. Bxd4 cxd4 19. Qf3 Rf8 20. Rf2 Ng7 21. Raf1 Rb8
22. Qe2 f6 23. Nf3 Qe7 24. Qd2 Bd7 25. h4 b5 26. cxb5 Rxb5 27. fxe5 dxe5 28. Qh6
Rbb8 29. Bh3 Bxh3 30. Kxh3 Ne6 31. Rc2 Rfc8 32. Rfc1 Qd7 33. Kg2 a5 34. h5 Rxc2+
35. Rxc2 Qg7 36. Qd2 gxh5 37. Kh2 Qg4 38. Qf2 Ng5 39. Nh4 Qh3+ 40. Kg1 Qe6 41.
Kg2 Rb3 42. Nf5 Rxd3 43. Rc8+ Qxc8 44. Ne7+ Kf7 45. Nxc8 Nxe4 1/2-1/2

[Event "Reykjavik Open 2024"]
[Site "Reykjavik ISL"]
[Date "2024.03.21"]
[Round "9.74"]
[White "Krassel, Timofei"]
[Black "Kjartansson, Matthias Bjorgvin"]
[Result "1-0"]
[WhiteElo "2035"]
[BlackElo "1893"]
[WhiteFideId "55733948"]
[BlackFideId "2319225"]
[EventDate "2024.03.15"]

1. e4 e5 2. Nf3 Nc6 3. d4 exd4 4. Bc4 Bc5 5. Ng5 d5 6. Bxd5 Nh6 7. Nxf7 Bb4+ 8.
c3 Nxf7 9. Bxf7+ Kxf7 10. cxb4 Re8 11. O-O Kg8 12. b5 Ne5 13. f4 Nf7 14. Qd3 b6
15. Nd2 a6 16. Re1 axb5 17. Qxb5 Nd6 18. Qd5+ Be6 19. Qxd4 Kh8 20. Nf3 Rxa2 21.
Bd2 c5 22. Qf2 Rxb2 23. Qg3 Rb3 24. f5 Bg8 25. Bg5 Qd7 26. Qf4 Nf7 27. Bh4 Rb4
28. f6 g6 29. Re2 Ne5 30. Raa2 Nxf3+ 31. gxf3 Bxa2 32. Rxa2 Kg8 33. Rd2 Rd4 34.
Rb2 b5 35. Rxb5 Rd1+ 36. Kg2 Rd2+ 37. Kg3 Rd1 38. Bg5 Rg1+ 39. Kh4 Rc8 40. Rb8
Kf7 41. Rxc8 Qxc8 42. Qd6 Qe6 43. Qc7+ Ke8 44. f7+ Kf8 45. Bh6# 1-0

[Event "Reykjavik Open 2024"]
[Site "Reykjavik ISL"]
[Date "2024.03.21"]
[Round "9.76"]
[White "Van Veenendaal, Elmer"]
[Black "Manenschijn, Wouter"]
[Result "1-0"]
[WhiteElo "2027"]
[BlackElo "1864"]
[WhiteFideId "1026801"]
[BlackFideId "1043366"]
[EventDate "2024.03.15"]

1. c4 e5 2. Nc3 Nc6 3. Nf3 f5 4. d4 e4 5. d5 exf3 6. dxc6 bxc6 7. gxf3 Bc5 8.
Qd3 Qh4 9. Be3 Bxe3 10. Qxe3+ Ne7 11. O-O-O Qxc4 12. Qe5 Qf7 13. Qxc7 d5 14. e3
O-O 15. Rd4 Be6 16. Ba6 Rfc8 17. Bxc8 Rxc8 18. Qxa7 c5 19. Ra4 d4 20. exd4 cxd4
21. Rxd4 Qf6 22. Rd3 Nd5 23. Qa5 Nf4 24. Rd2 Bc4 25. Kb1 Bd3+ 26. Rxd3 1-0

[Event "Reykjavik Open 2024"]
[Site "Reykjavik ISL"]
[Date "2024.03.21"]
[Round "9.78"]
[White "Erlbeck, Peter"]
[Black "Fanos, Haralambos"]
[Result "1-0"]
[WhiteElo "2014"]
[BlackElo "1872"]
[WhiteFideId "4642910"]
[BlackFideId "4249208"]
[EventDate "2024.03.15"]

1. e4 e5 2. Nf3 Nf6 3. Nxe5 d6 4. Nxf7 Kxf7 5. d4 c5 6. dxc5 d5 7. e5 Ng4 8. Bd3
Bxc5 9. O-O Qh4 10. Bf4 Bxf2+ 11. Kh1 Ke8 12. Bb5+ Nc6 13. Qxd5 Rf8 14. Bxc6+
bxc6 15. Qxc6+ Bd7 16. Qxa8+ Ke7 17. Qf3 Rf5 18. Nd2 Be3 19. Qg3 Qxg3 20. Bxg3
Bxd2 21. Rxf5 Bxf5 22. Rd1 Be3 23. Re1 Bb6 24. c3 Ke6 25. h3 Nf2+ 26. Kh2 Nd3
27. Re2 g5 28. b4 Bc7 29. a4 h5 30. h4 gxh4 31. Bxh4 Kd5 32. Bg3 Nxe5 33. Kh1
Bg4 34. Re3 Bd7 35. b5 Bf5 36. Re2 Bd3 37. Rf2 Kc4 38. Bxe5 Bxe5 39. Rf7 Bxc3
40. Rxa7 Bd4 41. Rd7 Bf5 42. Rd6 Bc5 43. Rh6 Bd7 44. Rxh5 Kb4 45. Rh4+ Kc3 46.
Rh7 Be6 47. Kh2 Bb6 48. g3 Bg4 49. Rh6 Bc5 50. Rc6 1-0

[Event "Reykjavik Open 2024"]
[Site "Reykjavik ISL"]
[Date "2024.03.21"]
[Round "9.79"]
[White "Pigott, John C"]
[Black "Arun, Nitish"]
[Result "1-0"]
[WhiteTitle "IM"]
[WhiteElo "2326"]
[BlackElo "1808"]
[WhiteFideId "400459"]
[BlackFideId "2524201"]
[EventDate "2024.03.15"]

1. c4 e6 2. g3 d5 3. Bg2 Nf6 4. Nf3 Be7 5. O-O O-O 6. d4 c6 7. Qc2 Nbd7 8. Nbd2
b6 9. e4 Nxe4 10. Nxe4 dxe4 11. Qxe4 Ba6 12. b3 Rc8 13. Rd1 Re8 14. Bf4 Bb7 15.
a3 a5 16. Qb1 Ra8 17. c5 Bf6 18. Ra2 b5 19. Bd6 Be7 20. Bxe7 Qxe7 21. b4 axb4
22. axb4 Rxa2 23. Qxa2 Ra8 24. Qb2 Qd8 25. Ra1 Rxa1+ 26. Qxa1 Qa8 27. Qxa8+ Bxa8
28. Nd2 Nf6 29. Nb3 Nd5 30. Bxd5 exd5 31. Kg2 Kf8 32. Kf3 Ke7 33. Kf4 Kd7 34.
Na5 Ke6 35. h4 h6 36. g4 g6 37. g5 h5 38. Ke3 Kd7 39. Kf3 Ke7 40. Kg3 Kd7 41.
Kf4 Ke6 42. Ke3 Kd7 43. Nb3 Bb7 44. Nc1 Ke7 45. Nd3 Bc8 46. Kf4 Ke6 47. Ne5 Bb7
48. Kg3 Ke7 49. f3 Ba8 50. f4 Ke6 51. Kf3 Bb7 52. f5+ Kxf5 53. Nxf7 Ba8 54. Nd8 1-0

[Event "Reykjavik Open 2024"]
[Site "Reykjavik ISL"]
[Date "2024.03.21"]
[Round "9.81"]
[White "Eliasson, Kristjan Orn"]
[Black "Birkisson, Bardur Orn"]
[Result "0-1"]
[BlackTitle "CM"]
[WhiteElo "1902"]
[BlackElo "2189"]
[WhiteFideId "2301784"]
[BlackFideId "2310597"]
[EventDate "2024.03.15"]

1. e4 c5 2. Nf3 e6 3. d4 cxd4 4. Nxd4 Nc6 5. c3 Qc7 6. Nb5 Qb8 7. f4 d6 8. Be3
Nf6 9. Nd2 a6 10. Na3 b5 11. g4 Be7 12. g5 Nd7 13. h4 b4 14. Nab1 a5 15. c4 Nc5
16. Be2 Bb7 17. O-O h6 18. Bf2 e5 19. Bg3 exf4 20. Bxf4 Ne5 21. gxh6 Qa7 22. Kh2
O-O-O 23. Bg4+ Kb8 24. a3 Ncd3 25. Bg3 Rxh6 26. h5 Nxg4+ 27. Qxg4 Rdh8 28. Kg2
Rxh5 29. Rxf7 Rg5 30. Qd7 Rxg3+ 31. Kxg3 Qg1+ 0-1

[Event "Reykjavik Open 2024"]
[Site "Reykjavik ISL"]
[Date "2024.03.21"]
[Round "9.82"]
[White "Loncke, Matthieu"]
[Black "Jansen, Marijn"]
[Result "1-0"]
[WhiteElo "2175"]
[BlackElo "1899"]
[WhiteFideId "45197148"]
[BlackFideId "1089587"]
[EventDate "2024.03.15"]

1. d4 Nf6 2. c4 e6 3. Nc3 Bb4 4. Qc2 O-O 5. Nf3 c5 6. dxc5 Na6 7. g3 Nxc5 8. Bg2
Nce4 9. O-O Bxc3 10. bxc3 d5 11. cxd5 exd5 12. Nd4 b6 13. Bf4 Bb7 14. f3 Nc5 15.
Rad1 Qc8 16. Nf5 Ne6 17. Ne7+ 1-0

[Event "Reykjavik Open 2024"]
[Site "Reykjavik ISL"]
[Date "2024.03.21"]
[Round "9.83"]
[White "Pisan, Kai"]
[Black "Stenzel, Thomas"]
[Result "1-0"]
[WhiteElo "1897"]
[BlackElo "2175"]
[WhiteFideId "39904881"]
[BlackFideId "4632770"]
[EventDate "2024.03.15"]

1. d4 Nf6 2. c4 g6 3. g3 d6 4. Bg2 Bg7 5. Nc3 O-O 6. Nf3 c6 7. e4 Qa5 8. O-O Qh5
9. Nd2 e5 10. dxe5 dxe5 11. a3 Na6 12. b4 Nc7 13. Bb2 Rd8 14. Qxh5 Nxh5 15. Rfd1
Be6 16. b5 Bh6 17. Nf3 f6 18. Bf1 Bf8 19. Kg2 Ng7 20. a4 Bf7 21. Ne1 Nge6 22.
Nc2 Nd4 23. Rac1 Nce6 24. Ne3 Rd7 25. Ne2 Rad8 26. Nxd4 exd4 27. Ng4 Bg7 28. f3
Nc5 29. Ra1 f5 30. exf5 gxf5 31. Nf2 d3 32. Bxg7 Kxg7 33. Rac1 Rd4 34. bxc6 bxc6
35. Rc3 Bxc4 36. a5 R8d7 37. Nh3 Na4 38. Ra3 Nb2 39. Rd2 Rb7 40. Nf4 Kf6 41. Kf2
Ba6 42. Rc3 Bc4 43. Ke3 c5 44. Nxd3 Re7+ 45. Kf2 Nxd3+ 46. Bxd3 Red7 47. Ke3 Ba6
48. Bxa6 Rxd2 49. Rxc5 Rxh2 50. Bd3 f4+ 51. gxf4 h5 52. Rc6+ Kg7 53. Rg6+ Kf8
54. Rh6 h4 55. f5 Ra2 56. Be4 Rxa5 57. Rxh4 Rd6 58. Rh8+ Kg7 59. Ra8 Ra1 60. Kf4
Rd7 61. Kg5 Rg1+ 62. Kf4 Kf7 63. Bc2 Rc7 64. Be4 Rd7 65. Bc2 Ke7 66. Ke5 Re1+
67. Be4 Kf7 68. Rh8 Re7+ 69. Kf4 Kg7 70. Ra8 Rh1 71. Kg5 Rg1+ 72. Kf4 Rg2 73.
Bd5 Rd2 74. Rg8+ Kh7 75. f6 Rd4+ 76. Kg3 Rd7 77. f7 Rxf7 78. Bxf7 Rd1 79. Ra8 1-0

[Event "Reykjavik Open 2024"]
[Site "Reykjavik ISL"]
[Date "2024.03.21"]
[Round "9.84"]
[White "Gikas, Andreas Basilius"]
[Black "Solsker, Tummas M."]
[Result "1-0"]
[WhiteElo "2104"]
[BlackElo "1897"]
[WhiteFideId "4623509"]
[BlackFideId "7200480"]
[EventDate "2024.03.15"]

1. e4 e5 2. Nf3 Nf6 3. Nc3 Bb4 4. Nxe5 O-O 5. Be2 Re8 6. Nd3 Bxc3 7. dxc3 Nxe4
8. Nf4 d6 9. O-O Nc6 10. c4 Bf5 11. f3 Nc5 12. Rf2 h6 13. Bf1 a5 14. a4 Nb4 15.
c3 Nc6 16. Nd5 Ne5 17. Rd2 c6 18. Ne3 Qb6 19. b4 Nxa4 20. c5 Nxc5 21. bxc5 Qxc5
22. Rf2 Bg6 23. Qd4 Nd3 24. Bxd3 Qxd4 25. cxd4 Bxd3 26. Rfa2 b6 27. Ra3 Bg6 28.
Nc4 Re1+ 29. Kf2 Rae8 30. Be3 Rxa1 31. Rxa1 Rb8 32. Nxd6 Bc2 33. Nc4 Bd3 34. Ne5
Bb5 35. Rc1 c5 36. dxc5 bxc5 37. Bxc5 Re8 38. Nc4 a4 39. Ne3 Rd8 40. Rc2 Rd3 41.
Nc4 Rd1 42. Na3 Ba6 43. Be3 Rd3 44. Bc1 h5 45. h4 Rd4 46. Rc6 Bd3 47. Ke3 Rd5
48. g3 Bf1 49. Rc8+ Kh7 50. Ra8 Rc5 51. Bd2 Re5+ 52. Kd4 Re2 53. Be3 Bg2 54.
Rxa4 Bxf3 55. Ra5 Bg4 56. Nc4 f6 57. Bf4 Re1 58. Ne3 Bf3 59. Ra7 Kg8 60. Nf5 g5
61. hxg5 fxg5 62. Bxg5 Rb1 63. Nh6+ Kf8 64. Rf7+ 1-0

[Event "Reykjavik Open 2024"]
[Site "Reykjavik ISL"]
[Date "2024.03.21"]
[Round "9.86"]
[White "Banerjee, Aryan"]
[Black "Maack, Kjartan"]
[Result "1/2-1/2"]
[WhiteElo "1896"]
[BlackElo "2102"]
[WhiteFideId "1765035"]
[BlackFideId "2301806"]
[EventDate "2024.03.15"]

1. Nf3 g6 2. g3 Bg7 3. Bg2 c5 4. c4 Nc6 5. Nc3 e6 6. O-O Nge7 7. b3 O-O 8. Bb2
d5 9. cxd5 exd5 10. Qc1 b6 11. Nb5 a6 12. Bxg7 Kxg7 13. Na3 Bb7 14. d4 cxd4 15.
Qb2 Nf5 16. Nc2 Qf6 17. Rfd1 Rfe8 18. Ncxd4 Ncxd4 19. Nxd4 Nxd4 20. Qxd4 Qxd4
21. Rxd4 Rxe2 22. Bxd5 Rd8 23. Rad1 Rxd5 24. Rxd5 Bxd5 25. Rxd5 Rxa2 26. Rd6 b5
27. Rb6 Kh6 28. h4 Kh5 29. Rb7 Ra3 30. Rxf7 Rxb3 31. Rxh7+ Kg4 32. Rh6 Kf5 33.
g4+ Kxg4 34. Rxg6+ Kxh4 35. Rxa6 Kh3 36. Rh6+ Kg4 37. Kf1 Rb2 38. Rf6 b4 39. Ke1
Kg5 40. Rb6 Kf4 41. Kd1 b3 42. Kc1 Rxf2 1/2-1/2